Process mining a možnosti jeho využitia

Gespeichert in:
Bibliographische Detailangaben
1. Verfasser: Michalka, Martin (Verfasst von)
Weitere Verfasser: Kebísek, Michal (Betreuung Doktorarbeit)
Format: Manuskript Buch
Sprache:Slowakisch
Veröffentlicht: 2015
Schlagworte:
Online-Zugang:http://is.stuba.sk/zp/portal_zp.pl?podrobnosti=121133
Tags: Tag hinzufügen
Keine Tags, Fügen Sie das erste Tag hinzu!

MARC

LEADER 00000ntm a22000003a 4500
001 stuzp49788
003 SK-STU
005 20160719153401.0
007 ta
008 150427s2015----xo-----f-mn---000-0-slo-d
040 |a STU  |b slo 
041 0 |a slo 
100 1 |a Michalka, Martin  |u 066000  |4 aut  |U MTF Materiálovotechnologická fakulta  |T MTF Ústav aplikovanej informatiky, automatizácie a mechatroniky  |X 46780  |U M6000  |Y 86  |7 46780 
242 0 1 |a Process mining and the possibilities of usage  |y eng 
245 1 0 |a Process mining a možnosti jeho využitia 
260 |c 2015 
650 4 |a data mining  |2 slo 
650 4 |a Petriho sieť  |2 slo 
650 4 |a Process Mining  |2 slo 
650 4 |a ProM  |2 slo 
650 4 |a denník udalostí  |2 slo 
650 4 |a event log  |2 eng 
650 4 |a ProM  |2 eng 
650 4 |a Process Mining  |2 eng 
650 4 |a data mining  |2 eng 
650 4 |a Petri net  |2 eng 
700 1 |a Kebísek, Michal  |4 ths  |X 2798  |7 A000002798 
856 4 |u http://is.stuba.sk/zp/portal_zp.pl?podrobnosti=121133 
996 |c M* BP-7106  |l MMSKP  |s P  |a 0  |w stuzp49788_0001 
SQL |a stuzp49788  |b DBP  |c SLO  |d Process mining a možnosti jeho využitia  |e 46780  |f Michalka, Martin  |g 066000  |h 2798  |i Kebísek, Michal  |j 20150625  |k 168  |l 06  |m http://is.stuba.sk/zp/portal_zp.pl?podrobnosti=121133  |n B-AIA  |o 5.2.14. automatizácia, 9.2.9. aplikovaná informatika